Top 10 Songs by the Steve Miller Band - Statistics

General Stats
  • This quiz has been taken 2 times
  • The average score is 5 of 10
Answer Stats
Hint Answer % Correct
2 Abracadabra
100%
4 Fly Like an Eagle
100%
1 The Joker
100%
5 Jet Airliner
50%
7 Jungle Love
50%
6 Rock'n Me
50%
3 Take the Money and Run
50%
10 Living in the USA
0%
9 Space Cowboy
0%
8 Swingtown
0%
No matching quizzes found
Score Distribution
Percent of People with Each Score
Percentile by Number Answered
Your Score History
You have not taken this quiz